AH International Schools' Libraries

On The Farm (Record no. 47773)

MARC details
000 -LEADER
fixed length control field 00371nam a22001217a 4500
008 - FIXED-LENGTH DATA ELEMENTS--GENERAL INFORMATION
fixed length control field 241104b |||||||| |||| 00| 0 eng d
020 ## - INTERNATIONAL STANDARD BOOK NUMBER
International Standard Book Number 9780711273788
100 ## - MAIN ENTRY--PERSONAL NAME
Personal name Susie Behar & Essi Kimpimaki
9 (RLIN) 85607
245 ## - TITLE STATEMENT
Title On The Farm
Statement of responsibility, etc | Susie Behar & Essi Kimpimaki
260 ## - PUBLICATION, DISTRIBUTION, ETC. (IMPRINT)
Place of publication, distribution, etc United Kingdom
Name of publisher, distributor, etc Quarto Publishing plc
Date of publication, distribution, etc 2018
300 ## - PHYSICAL DESCRIPTION
Extent 34 p
Other physical details col. ill.
Dimensions 37 cm
942 ## - ADDED ENTRY ELEMENTS (KOHA)
Source of classification or shelving scheme
Holdings
Withdrawn status Lost status Source of classification or shelving scheme Damaged status Not for loan Collection code Home library Current library Date acquired Total Checkouts Full call number Barcode Date last seen Price effective from Koha item type
          Primary Asian Hope Siem Reap Asian Hope Siem Reap 11/04/2024   FIC SUS 207208 11/04/2024 11/04/2024 Book

For any Logos Library related questions please contact Miss Art at swongnarasuk@asianhope.org.

For any Asian Hope Library related questions please contact Miss Raza at graza@asianhope.org.

Powered by Koha